000 00567nam a2200229Ia 4500
003 OSt
005 20221005132620.0
006 a|||||r|||| 00| 0
007 ta
008 221004b |||||||| |||| 00| 0 tam d
024 _a51076
037 _cTextual
040 _aCRL
_cCRL
_btam
041 _2tam
_atam
082 _aP31, M0
100 _aSubramanian S.V. Au.
245 0 _aUlagat tamil eluttalar yar? evar?
260 _c1980
650 _aLINGUISTICS
942 _hP31, M0
_cTEXL
_2cc
999 _c1064214
_d1064214